000 00875nam2a2200229 4500
001 rc\2836182
005 20260315045540.0
035 _a(NLR Aleph) 006993933
090 _a13573586
_c13573586
100 _a20110628d1927 u y0rusy50 ca
101 0 _arus
102 _aRU
105 _ay z |||||
200 1 _aСборник задач по сопротивлению материалов с решениями
210 _d1927
461 0 _1001rc\2836181
_12001#$aКонспективная серия. Б-4$e№ XIII-64, 69, 76, 78-80, 64, 86, 95$v№ 64
_95653825
_cМосква
_d1927-1929
_nГос. техн. изд-во
_o№ XIII-64, 69, 76, 78-80, 64, 86, 95
_p8 т.
_tКонспективная серия. Б-4
_v№ 64
700 1 _aГарен
_bР.
801 0 _aRU
_bNLR
_gpsbo
801 1 _aRU
_bELAR
_2rusmarc
852 _aNLR
_j49/486
942 _cUNSPEC
980 _aNB